00342nam a2200145Ia 4500008004100000020001500041041001200056082001100068100001400079245004700093250000800140260003300148300000800181650000700189221030s9999 xx 000 0 und d a8126510016 aEnglish a105.23 aF. F. Kuo 0aNetwork Analysis & Synthesiscby F. F. Kuo a2nd bWiley IndiaaNew Delhic2011 a515 aEE